000 00441nam a2200157Ia 4500
005 20250327082741.0
008 231217s9999 xx 000 0 und d
020 _a9788131408674
082 _a338.9 RAO;1 R
100 _aRao, Pramod. Varma, Anil ed.
245 0 _aGlobalization : indian financial sector reforms
260 _c2007
_bIcfai
_aHyderabad
300 _axii, 205
650 _aGlobalization,financial,reforms
942 _cAA
999 _c187667
_d187667